000 00763nam a2200253Ia 4500
003 OSt
005 20220923230646.0
006 a|||||r|||| 00| 0
007 ta
008 220922b |||||||| |||| 00| 0 ben d
020 _c5
024 _a302,056
037 _cTextual
040 _aARTS
_cARTS
_bben
041 _2ben
_aben
082 _aO157,3M98,25, 152K8
100 _aबन्द्योपाध्याय, ताराशंकर
_9163360
245 0 _aबेगम
246 _aBegama
260 _c1968
650 _aबंगाली साहित्य
_9156264
942 _hO157,3M98,25, 152K8
_cTEXL
_2CC
999 _c386333
_d386333